Music Quiz

Random Music or Artist Quiz

Lead Singers of Rock Quiz Stats

 Plays Quiz not verified by Sporcle

Support Sporcle.
Go Orange.
Score 0/18 Timer 03:00
0 Plays Today
% Correct
Robert Plant
98.2%
Mick Jagger
94.7%
Steven Tyler
94.7%
Freddie Mercury
93%
James Hetfield
91.2%
Gene Simmons
91.2%
Roger Waters or David Gilmour
89.5%
Brian Johnson
89.5%
Bret Michaels
87.7%
% Correct
Vince Neil
86%
Geddy Lee
86%
Gavin Rossdale
78.9%
Jonathan Davis
77.2%
Maynard James Keenan
75.4%
Tommy Shaw or Dennis DeYoung
75.4%
Joe Elliot
71.9%
David Draiman
68.4%
Robin Zander
63.2%

You're not logged in!

Compare scores with friends on all Sporcle quizzes.
OR
Log In

From the Vault

JULBEMD Common Bonds III

by betraisefold

We keep getting all these things mixed up.
Remove Ads.
Support Sporcle.
Get the best of Sporcle when you Go Orange. This ad-free experience offers more features, more stats, and more fun while also helping to support Sporcle. Thank you for becoming a member.

Show Comments

Extras

Top Quizzes Today


Score Distribution

Your Account Isn't Verified!

In order to create a playlist on Sporcle, you need to verify the email address you used during registration. Go to your Sporcle Settings to finish the process.

Report this User

Report this user for behavior that violates our Community Guidelines.

Details: